ECONOMIC PRINCIPLES (Record no. 58710)
[ view plain ]
| 000 -LEADER | |
|---|---|
| fixed length control field | 00306nam a22001457a 4500 |
| 008 - FIXED-LENGTH DATA ELEMENTS--GENERAL INFORMATION | |
| fixed length control field | 221101b ||||| |||| 00| 0 eng d |
| 020 ## - INTERNATIONAL STANDARD BOOK NUMBER | |
| International Standard Book Number | 9781319106799 |
| 041 ## - LANGUAGE CODE | |
| Language code of text/sound track or separate title | eng |
| 080 ## - UNIVERSAL DECIMAL CLASSIFICATION NUMBER | |
| Universal Decimal Classification number | 339 |
| 082 ## - DEWEY DECIMAL CLASSIFICATION NUMBER | |
| Classification number | 339. |
| 100 ## - Rafti | |
| Rafti | 61 |
| 101 ## - Shkurtesa | |
| Shkurtesa | ECO |
| 245 ## - TITLE STATEMENT | |
| Title | ECONOMIC PRINCIPLES |
| Statement of responsibility, etc | RUBB S |
| 942 ## - ADDED ENTRY ELEMENTS (KOHA) | |
| Source of classification or shelving scheme | |
| Item type | Books |
No items available.